State of the world's forests 2011.
| Format: | Book |
|---|---|
| Published: |
Rome:
Food and Agriculture Organization of the United Nations,
2011.
|
| Subjects: |
| LEADER | 00522cam a2200169 7i4500 | ||
|---|---|---|---|
| 001 | 0000028092 | ||
| 005 | 20120823090000.0 | ||
| 020 | 0 | 0 | |a 9789251067505 |
| 090 | 0 | 0 | |a I 634.9205 |b STA |
| 245 | 0 | 0 | |a State of the world's forests 2011. |
| 260 | 0 | 0 | |a Rome: |b Food and Agriculture Organization of the United Nations, |c 2011. |
| 300 | # | # | |a 164 p. |
| 650 | 0 | 0 | |a Forest and forestry |
| 650 | 0 | 0 | |a Forest policy |
| 650 | 0 | 0 | |a Forest management |
| 650 | 0 | 0 | |a Forest conservation |
| 999 | |a 0000030278 |b Book |c International |e Business Information Centre | ||


